Textes arabes de Rabat
Main Author:
Format: Book
Language: Undetermined
Published:
Paris :
P. Geuthner,
1931-1952.
Series:
Public. de l'Inst. des Hautes Etudes Marocaines V.1-2
Subjects:
Tags: Add Tag
Call Number: PJ8293 .B7 1952
| LEADER | 00556nam a2200193Ia 4500 | ||
|---|---|---|---|
| 008 | 240329s9999||||xx |||||||||||||| ||und|| | ||
| 050 | 4 | |a PJ8293 .B7 1952 | |
| 100 | 1 | |a L. Brunot. | |
| 245 | 1 | 0 | |a Textes arabes de Rabat |c L. Brunot |
| 264 | 1 | |a Paris : |b P. Geuthner, |c 1931-1952. | |
| 300 | |a V.1 207 / V.2 835 |c 25 CM | ||
| 490 | 0 | |a Public. de l'Inst. des Hautes Etudes Marocaines V.1-2 | |
| 500 | |a Acq. Masson | ||
| 650 | |a Arabes, Textes, Rabat | ||
| 650 | |a LANGUE ARABE | ||
| 650 | |a MAROC | ||
| 650 | |a Rabat, Documents | ||
| 942 | |2 lcc |c BK | ||
| 999 | |c 57581 |d 57581 | ||
